000 01610nam a2200313 a 4500
005 20191224041831.0
008 140320b2007 ck ||||| |||| 00| 0 spa d
040 _cCO-BoIH
041 _aspa
044 _ack
090 _aIAVH
_b00853
110 _bCorporación Autónoma Regional de Boyacá
_93967
245 _aDiagnóstico y concertación del plan de manejo para las áreas estratégicas de páramo y bosque altoandino del corredor biológico Tota-Pisba-Cocuy, como base para la consolidación de un SIRAP regional
260 _aBogotá
_bCORPOBOYACA
_c2007
300 _a350 p.
520 _aContiene el análisis de la problemática ambiental que conduce a la definición de criterios estructurantes de las políticas del plan de manejo; la estrategia general tanto para delimitar un área protegida como para transformar el modelo productivo en la denominada zona de amortiguación; los programas y proyectos a realizar y los documentos que constituyen los acuerdos o normas que permiten a las corporaciones y a los municipios acoger el plan así como suscribir los convenios y apropiar las partidas presupuestales necesarias para incorporarse en su ejecución.
650 _aDiagnóstico
_930211
650 _aConcertación
_922972
650 _aPlan de manejo
_93814
650 _aÁreas estratégicas
_922973
650 _aPáramo
_992445
650 _aBosques altoandinos
_92831
662 _aColombia
_cTota
662 _aColombia
_cPisba
662 _aColombia
_cCocuy
710 _a^aGrupo de Estudios Ecológicos OIKOS
_922975
942 _cINFORME
_02
_2z
945 _d2008-06-25
999 _c6351
_d6351